Motorsport Championships - Statistics

General Stats
  • This quiz has been taken 153 times
  • The average score is 12 of 18
Answer Stats
Hint Answer % Correct
Top tier of grand prix racing Formula One
99%
Open wheel electric single seaters Formula E
94%
Biggest stock car series NASCAR
94%
Top tier of endurance racing WEC
92%
Top tier of rally racing WRC
92%
Top tier of motorcycle racing MotoGP
90%
American single seater series IndyCar
88%
German GT3 championship DTM
73%
Japanese single seater championship Super Formula
72%
American endurance series IMSA
70%
All female single seater championship F1 Academy
63%
Top tier drifting championship Formula Drift
51%
Top tier of rally cross racing WRX
45%
Electric off-road championship Extreme E
41%
Biggest rally raid series Dakar Rally
40%
Top fuel drag racing NHRA
28%
German endurance championship NLS
13%
Australian touring car championship Repco Supercars Championship
13%
No matching quizzes found
Score Distribution
Percent of People with Each Score
Percentile by Number Answered
Your Score History
You have not taken this quiz